| 000 | 01169nmm a2200301 a 4500 | ||
|---|---|---|---|
| 001 | ocm0001916760 | ||
| 003 | TR-IsHL | ||
| 005 | 20201028174909.0 | ||
| 008 | 180924s2008 tu tur | ||
| 007 | cr cn | ||
| 020 | _a9789757560937 | ||
| 035 |
_a1916760 _b(N$T) |
||
| 050 | 0 | 4 |
_aBP172 _b.C47 2008 |
| 090 | 0 | 4 |
_aBP172 _b.C47 2008 |
| 100 | 1 | _aGottheil, Richard James Horatio Gottheil | |
| 245 | 1 | 0 |
_aBir hristiyan Bahira Efsanesi: Bir Tahrif örneği (XIXII. Yüzyıl) _h[electronic resource] / _cRichard James Horatio Gottheil Gottheil ; hazırlayan Fatımatüz Zehra Kamacı |
| 250 | _a1. Baskı | ||
| 260 |
_aİstanbul : _bİnkılab Yayınları, _c2008 |
||
| 300 | _a142 p. | ||
| 500 |
_aKaynakça ve dizin var. _xEserin orijinal adı ; A Christian Bahira Legend |
||
| 650 | 4 | _aFelsefe, Psikoloji ve Din | |
| 650 | 4 | _aPhilosophy, Psychology and Religion | |
| 650 | 0 | _aMisyonlar ve misyonerlik, Hıristiyan | |
| 650 | 0 | _aMissions, Christian | |
| 650 | 7 |
_aRELIGION / Christian Education / General _2bisacsh |
|
| 700 | 1 | _aKırmacı, Zehra | |
| 856 | 4 | 0 | _uhttp://search.ebscohost.com/login.aspx?direct=true&scope=site&db=e011xww&AN=1916760 |
| 999 |
_c18404 _d18404 |
||